000 00546nam a22001937a 4500
005 20260218080245.0
008 260218b |||||||| |||| 00| 0 eng d
037 _cDSWL
040 _aDSWL
_cDSWL
041 _heng
084 _aX:8ObYX Q3
100 _aBissell,G
_91116129
245 _aOrganisational behaviour for social work
260 _aBristol,
_bPolicy Press,
_c2012
300 _a186p
365 _aGBP
_b21.99
942 _2CC
_cTEXL
_hX:8ObYX Q3
_n0
999 _c1679922
_d1679922